000 00838nam a2200217 a 4500
001 000032356
003 OSt
005 20201120125912.0
008 110714s1928 dr r 000 0 spa d
040 _aDO-SdBNP
_bspa
_cBNPHU
082 4 _a373.19
_bM533L
110 _aEscuela Normal Superior de Santiago.
_977344
245 0 0 _aMemorial de la labor de la Escuela Normal Superior de Santiago durante el año escolar de 1927 a 1928.
260 _aSantiago, República Dominicana :
_bL. H. Cruz,
_c1928.
300 _a20 p. ;
_c15 cm.
500 _aAnte el ara de la escuela, obsequio de los investidos del 16 de Agosto de 1928
610 2 4 _aEscuela Normal Superior de Santiago
_xCurriculo
_977345
650 4 _aEscuelas normales
_zRepública Dominicana
_zSantiago
_977346
910 _aValidado. Control de calidad MFF
942 _2ddc
_cLBS1
999 _c31847
_d31847